000 00792nam a2200265 i 4500
003 EG-GICUC
005 20260121101154.0
008 251106s1978 -us||||fr|||| 00| 0 eng d
040 _aEG-GiCUC
_beng
_cEG-GiCUC
_dEG-GiCUC
_erda
041 _aeng
082 0 4 _221
_a330.03
_bSE
092 0 4 _221
099 _aLaw1 13 330.03 SE 1978
245 1 _aSeven Language Dictionary /
_cEdited By David Shumaker.
264 1 _aNew York :
_bAvenel Books,
_c1978.
300 _a828 pages ;
_c24 cm.
336 _2rda content
_atext
337 _2rda media
_aComputer
338 _2rda carrier
_aOnline Resource
546 _aMultilingual
650 1 _aPublic finance and tax legislation
856 4 0 _uhttps://fll.law.cu.edu.eg/fulltext/bks/B13-07187.pdf
905 _a49
942 _2ddc
_cBK
_e21
_n0
999 _c41602
_d41602